Public sector professionals: the effects of public sector jobs on motivation, job satisfaction and work involvement (Record no. 27331)

000 -LEADER
fixed length control field 00509pab a2200145 454500
008 - FIXED-LENGTH DATA ELEMENTS--GENERAL INFORMATION
fixed length control field 180718b xxu||||| |||| 00| 0 eng d
100 ## - MAIN ENTRY--PERSONAL NAME
Personal name Emmert Mark A.
245 ## - TITLE STATEMENT
Title Public sector professionals: the effects of public sector jobs on motivation, job satisfaction and work involvement
362 ## - DATES OF PUBLICATION AND/OR SEQUENTIAL DESIGNATION
Dates of publication and/or sequential designation 22(1), Mar 1992, p.37-48
650 ## - SUBJECT ADDED ENTRY--TOPICAL TERM
Topical term or geographic name entry element Public Sector
650 ## - SUBJECT ADDED ENTRY--TOPICAL TERM
Topical term or geographic name entry element Government Business Enterprises -- Professions
700 ## - ADDED ENTRY--PERSONAL NAME
Personal name Taher Walied
773 ## - HOST ITEM ENTRY
Main entry heading American Review of Public Administration
909 ## -
-- 27331
Holdings
Withdrawn status Lost status Damaged status Not for loan Permanent Location Current Location Date acquired Barcode Date last seen Price effective from Koha item type
        Indian Institute of Public Administration Indian Institute of Public Administration 2018-07-19 AR27433 2018-07-19 2018-07-19 Articles

Powered by Koha